000
00308nam a22001337a 4500
999
_c
532929
_d
532929
003
NUST
038
_a
M.Ramzan
082
_a
658.404
_b
GOP
100
_a
GOP
_9
26544
245
_a
Guidelines for Project Management /
260
_a
Islamabad:
_b
Govt of akistan,
_c
2008.
300
_a
219 p, :
942
_2
ddc
_c
BK